Técnicas de acceso múltiple y algoritmos de detección de múltiples usuarios en telefonía celular: análisis comparativo
Tallennettuna:
| Päätekijä: | |
|---|---|
| Aineistotyyppi: | Kirja |
| Julkaistu: |
[San José, Costa Rica]
2008
|
| Aiheet: | |
| Tagit: |
Lisää tagi
Ei tageja, Lisää ensimmäinen tagi!
|
MARC
| LEADER | 00000nam a2200000Ia 4500 | ||
|---|---|---|---|
| 003 | 010356 | ||
| 005 | 20221231144058.0 | ||
| 008 | 140114s2008 a 000 ||s d | ||
| 040 | |c cru CEDI | ||
| 090 | |a TFG 5692 | ||
| 100 | |a Amado, Felix |9 4263 | ||
| 245 | |a Técnicas de acceso múltiple y algoritmos de detección de múltiples usuarios en telefonía celular: análisis comparativo | ||
| 260 | |c 2008 |b [San José, Costa Rica] | ||
| 300 | |a ix, 47 hojas; ilustraciones | ||
| 500 | |a Proyecto de graduación (bachiller en ingeniería eléctrica)--Universidad de Costa Rica. Facultad de Ingeniería. Escuela de Ingeniería Eléctrica | ||
| 650 | |x SISTEMAS MOVILES DE COMUNICACION |x SISTEMAS DE TRANSMISION DE DATOS |x REDES DE TELECOMUNICACIONES |x TELEMATICA |9 4264 | ||
| 942 | |c TFG | ||
| 999 | |c 16567 |d 16567 | ||
